Bezpečnosť a kvalita potravín

Bezpečnosť potravín v Európskej únii. Základné piliere potravinovej nezávadnosti. Organizácie zabezpečujúce svetovú potravinovú bezpečnosť. Politika bezpečnosti potravín v EÚ.

Uložené v:
Podrobná bibliografia
Hlavný autor: Kollár, Vojtech
Médium: Kapitola
Jazyk:Slovak
Predmet:
Tagy: Pridať tag
Žiadne tagy, Buďte prvý, kto otaguje tento záznam!

MARC

LEADER 00000naa$a2200000$$$4500
001 0213633
005 20240502073551.1
041 0 |a slo 
044 |a SK 
245 1 0 |a Bezpečnosť a kvalita potravín  |c Vojtech Kollár 
520 |a Bezpečnosť potravín v Európskej únii. Základné piliere potravinovej nezávadnosti. Organizácie zabezpečujúce svetovú potravinovú bezpečnosť. Politika bezpečnosti potravín v EÚ. 
610 2 0 |a potraviny 
610 2 0 |a bezpečnosť potravinová 
610 2 0 |a kvalita 
610 2 0 |a chudoba 
610 2 0 |a organizácie medzinárodné 
610 2 0 |a zdravotníctvo 
610 2 0 |a ochrana zdravia 
610 2 0 |a Európska únia 
100 1 |a Kollár, Vojtech